<?xml version="1.0" encoding="UTF-8"?>
<collection xmlns="http://www.loc.gov/MARC21/slim">
 <record>
  <leader>02781aam a22003018a 4500</leader>
  <controlfield tag="001">NCT_18709</controlfield>
  <controlfield tag="008">140120s2013                  ||||||viesd</controlfield>
  <datafield tag="999" ind1=" " ind2=" ">
   <subfield code="c">885</subfield>
   <subfield code="d">885</subfield>
  </datafield>
  <datafield tag="020" ind1=" " ind2=" ">
   <subfield code="c">108000</subfield>
  </datafield>
  <datafield tag="082" ind1="0" ind2="4">
   <subfield code="2">23rd ed.</subfield>
   <subfield code="a">363.7</subfield>
   <subfield code="b">L105</subfield>
  </datafield>
  <datafield tag="100" ind1="1" ind2=" ">
   <subfield code="a">Trần Đức Hạ</subfield>
   <subfield code="e">Chủ biên</subfield>
  </datafield>
  <datafield tag="245" ind1="1" ind2="0">
   <subfield code="a">Ứng phó với biến đổi khí hậu trong hoạt động công nghiệp, đô thị và xây dựng công trình</subfield>
   <subfield code="c">Trần Đức Hạ (chủ biên), Phạm Thị Hương Lan, Trần Thị Việt Nga</subfield>
  </datafield>
  <datafield tag="260" ind1=" " ind2=" ">
   <subfield code="a">H.</subfield>
   <subfield code="b">Xây dựng</subfield>
   <subfield code="c">2013</subfield>
  </datafield>
  <datafield tag="300" ind1=" " ind2=" ">
   <subfield code="a">226tr.</subfield>
   <subfield code="b">minh hoạ</subfield>
   <subfield code="c">27cm</subfield>
  </datafield>
  <datafield tag="520" ind1="3" ind2=" ">
   <subfield code="a">Giới thiệu các khái niệm cơ bản về biến đổi khí hậu và ứng phó với biến đổi khí hậu. Trình bày ứng phó với biến đổi khí hậu trong hoạt động khai thác và sử dụng tài nguyên nước, trong lĩnh vực công nghiệp và năng lượng, trong các hoạt động kiến trúc và xây dựng. Tác động của biến đổi khí hậu đối với hệ thống hạ tầng kỹ thuật và giải pháp ứng phó</subfield>
  </datafield>
  <datafield tag="700" ind1="1" ind2=" ">
   <subfield code="a">Trần Thị Việt Nga</subfield>
  </datafield>
  <datafield tag="700" ind1="1" ind2=" ">
   <subfield code="a">Phạm Thị Hương Lan</subfield>
  </datafield>
  <datafield tag="942" ind1=" " ind2=" ">
   <subfield code="2">ddc</subfield>
   <subfield code="c">BK</subfield>
  </datafield>
  <datafield tag="952" ind1=" " ind2=" ">
   <subfield code="0">0</subfield>
   <subfield code="1">0</subfield>
   <subfield code="2">ddc</subfield>
   <subfield code="4">0</subfield>
   <subfield code="6">363_700000000000000_L105</subfield>
   <subfield code="7">0</subfield>
   <subfield code="9">5406</subfield>
   <subfield code="a">000001</subfield>
   <subfield code="b">000001</subfield>
   <subfield code="d">2017-12-04</subfield>
   <subfield code="o">363.7 L105</subfield>
   <subfield code="p">MD.04309</subfield>
   <subfield code="r">2017-12-04</subfield>
   <subfield code="v">108000.00</subfield>
   <subfield code="w">2017-12-04</subfield>
   <subfield code="y">BK</subfield>
  </datafield>
  <datafield tag="952" ind1=" " ind2=" ">
   <subfield code="0">0</subfield>
   <subfield code="1">0</subfield>
   <subfield code="2">ddc</subfield>
   <subfield code="4">0</subfield>
   <subfield code="6">363_700000000000000_L105</subfield>
   <subfield code="7">0</subfield>
   <subfield code="9">5407</subfield>
   <subfield code="a">000001</subfield>
   <subfield code="b">000001</subfield>
   <subfield code="d">2017-12-04</subfield>
   <subfield code="l">1</subfield>
   <subfield code="o">363.7 L105</subfield>
   <subfield code="p">MD.04310</subfield>
   <subfield code="r">2021-01-26</subfield>
   <subfield code="s">2021-01-20</subfield>
   <subfield code="v">108000.00</subfield>
   <subfield code="w">2017-12-04</subfield>
   <subfield code="y">BK</subfield>
  </datafield>
  <datafield tag="952" ind1=" " ind2=" ">
   <subfield code="0">0</subfield>
   <subfield code="1">0</subfield>
   <subfield code="2">ddc</subfield>
   <subfield code="4">0</subfield>
   <subfield code="6">363_700000000000000_L105</subfield>
   <subfield code="7">0</subfield>
   <subfield code="9">5408</subfield>
   <subfield code="a">000001</subfield>
   <subfield code="b">000001</subfield>
   <subfield code="d">2017-12-04</subfield>
   <subfield code="o">363.7 L105</subfield>
   <subfield code="p">MD.04311</subfield>
   <subfield code="r">2017-12-04</subfield>
   <subfield code="v">108000.00</subfield>
   <subfield code="w">2017-12-04</subfield>
   <subfield code="y">BK</subfield>
  </datafield>
  <datafield tag="952" ind1=" " ind2=" ">
   <subfield code="0">0</subfield>
   <subfield code="1">0</subfield>
   <subfield code="2">ddc</subfield>
   <subfield code="4">0</subfield>
   <subfield code="6">363_700000000000000_L105</subfield>
   <subfield code="7">0</subfield>
   <subfield code="9">5409</subfield>
   <subfield code="a">000001</subfield>
   <subfield code="b">000001</subfield>
   <subfield code="d">2017-12-04</subfield>
   <subfield code="l">2</subfield>
   <subfield code="o">363.7 L105</subfield>
   <subfield code="p">MD.04312</subfield>
   <subfield code="r">2019-05-21</subfield>
   <subfield code="s">2019-03-06</subfield>
   <subfield code="v">108000.00</subfield>
   <subfield code="w">2017-12-04</subfield>
   <subfield code="y">BK</subfield>
  </datafield>
  <datafield tag="952" ind1=" " ind2=" ">
   <subfield code="0">0</subfield>
   <subfield code="1">0</subfield>
   <subfield code="2">ddc</subfield>
   <subfield code="4">0</subfield>
   <subfield code="6">363_700000000000000_L105</subfield>
   <subfield code="7">0</subfield>
   <subfield code="9">5410</subfield>
   <subfield code="a">000001</subfield>
   <subfield code="b">000001</subfield>
   <subfield code="d">2017-12-04</subfield>
   <subfield code="o">363.7 L105</subfield>
   <subfield code="p">MD.04136</subfield>
   <subfield code="r">2017-12-04</subfield>
   <subfield code="v">108000.00</subfield>
   <subfield code="w">2017-12-04</subfield>
   <subfield code="y">BK</subfield>
  </datafield>
  <datafield tag="952" ind1=" " ind2=" ">
   <subfield code="0">0</subfield>
   <subfield code="1">0</subfield>
   <subfield code="2">ddc</subfield>
   <subfield code="4">0</subfield>
   <subfield code="6">363_700000000000000_L105</subfield>
   <subfield code="7">0</subfield>
   <subfield code="9">5411</subfield>
   <subfield code="a">000001</subfield>
   <subfield code="b">000001</subfield>
   <subfield code="d">2017-12-04</subfield>
   <subfield code="o">363.7 L105</subfield>
   <subfield code="p">MD.04137</subfield>
   <subfield code="r">2017-12-04</subfield>
   <subfield code="v">108000.00</subfield>
   <subfield code="w">2017-12-04</subfield>
   <subfield code="y">BK</subfield>
  </datafield>
  <datafield tag="952" ind1=" " ind2=" ">
   <subfield code="0">0</subfield>
   <subfield code="1">0</subfield>
   <subfield code="2">ddc</subfield>
   <subfield code="4">0</subfield>
   <subfield code="6">363_700000000000000_L105</subfield>
   <subfield code="7">0</subfield>
   <subfield code="9">5412</subfield>
   <subfield code="a">000001</subfield>
   <subfield code="b">000001</subfield>
   <subfield code="d">2017-12-04</subfield>
   <subfield code="o">363.7 L105</subfield>
   <subfield code="p">MD.04138</subfield>
   <subfield code="r">2017-12-04</subfield>
   <subfield code="v">108000.00</subfield>
   <subfield code="w">2017-12-04</subfield>
   <subfield code="y">BK</subfield>
  </datafield>
  <datafield tag="952" ind1=" " ind2=" ">
   <subfield code="0">0</subfield>
   <subfield code="1">0</subfield>
   <subfield code="2">ddc</subfield>
   <subfield code="4">0</subfield>
   <subfield code="6">363_700000000000000_L105</subfield>
   <subfield code="7">0</subfield>
   <subfield code="9">5413</subfield>
   <subfield code="a">000001</subfield>
   <subfield code="b">000001</subfield>
   <subfield code="d">2017-12-04</subfield>
   <subfield code="l">2</subfield>
   <subfield code="o">363.7 L105</subfield>
   <subfield code="p">MD.04139</subfield>
   <subfield code="r">2020-05-25</subfield>
   <subfield code="s">2020-05-12</subfield>
   <subfield code="v">108000.00</subfield>
   <subfield code="w">2017-12-04</subfield>
   <subfield code="y">BK</subfield>
  </datafield>
  <datafield tag="952" ind1=" " ind2=" ">
   <subfield code="0">0</subfield>
   <subfield code="1">0</subfield>
   <subfield code="2">ddc</subfield>
   <subfield code="4">0</subfield>
   <subfield code="6">363_700000000000000_L105</subfield>
   <subfield code="7">0</subfield>
   <subfield code="9">5414</subfield>
   <subfield code="a">000001</subfield>
   <subfield code="b">000001</subfield>
   <subfield code="d">2017-12-04</subfield>
   <subfield code="o">363.7 L105</subfield>
   <subfield code="p">MD.04140</subfield>
   <subfield code="r">2017-12-04</subfield>
   <subfield code="v">108000.00</subfield>
   <subfield code="w">2017-12-04</subfield>
   <subfield code="y">BK</subfield>
  </datafield>
  <datafield tag="980" ind1=" " ind2=" ">
   <subfield code="a">Thư viện Trường Đại học Nam Cần Thơ</subfield>
  </datafield>
 </record>
</collection>
